000 01065nam a22003137a 4500
003 CHAP
005 20220329135338.0
008 971013s1983 r 00010 d
010 _a34767
011 _a35739
035 _a39856
040 _cCHAP
090 _aTesis
100 0 0 _aOliva Rivera, Héctor.
_983030
245 _aContribución al conocimiento de la familia loranthaceae del centro de Veracruz y zona límite con el estado de Puebla
260 _aXalapa, Ver. :
_bEl autor,
_c1983
300 _a104 h.
_b: ilus.
502 _aTesis (Lic. en Biología) -- Universidad Veracruzana. Facultad de Ciencias Biológicas
590 _aALEPH
_b10
_c20130110
_lUCH01
_h1300
590 _aBATCH-UPD
_b10
_c20130110
_lUCH01
_h1842
590 _aBATCH-UPD
_b10
_c20130410
_lUCH01
_h1212
590 _aBATCH-UPD
_b10
_c20130914
_lUCH01
_h0731
590 _aCONVERSION
_b10
_c20130109
_lUCH01
_h1319
650 1 4 _aBotánica
_xVeracruz.
_914633
650 1 4 _aLorantáceas.
_968512
901 _aBK
942 _cTESIS
949 _bBC
_cTES
_d-90916
_eTS1
_h18509
_i39856
_si
999 _c34767
_d34767